00385nam a2200133Ia 450000500170000000800410001702000160005808200130007410000330008724500310012026000400015130000130019150000470020420250704021110.0240331s9999 xx 000 0 und d a95520105109 bPANa954 aPangakeerthi, Himi Hripitiye 0aGuptha adirajye ithihasaya aColombobS. Godage & Brothersc1994 a620 p ., aTranslation of History of the Gupta Empire